000
00321nam a2200133Ia 4500
005
20260328101513.0
008
260328s9999||||xx |||||||||||||| ||und||
100
_a
Encyclopedie des Arts
245
0
_a
Les Muses (Vol.7) /
_c
Encyclopedie des Arts
260
_b
Alpha
300
_a
160 p.
650
_a
HISTORIA
942
_c
BK
999
_c
9259
_d
9259